00000000nam 2200000zi 4500
0019.938448
003CaOODSP
00520250108152650
006m     o  d f      
007cr |n|||||||||
008240521e202406  onca    ob   f000 0 eng d
020 |a9780660484143
040 |aCaOODSP|beng|erda|cCaOODSP
043 |an-cn---
0861 |aHP60-13/1-2024E-PDF
24504|aThe National Microbiology Laboratory science plan, 2024-2027.
264 1|aOttawa, ON : |bPublic Health Agency of Canada = Agence de la santé publique du Canada, |cJune 2024.
264 4|c©2024
300 |a1 online resource (19 pages) : |billustrations
336 |atext|btxt|2rdacontent
337 |acomputer|bc|2rdamedia
338 |aonline resource|bcr|2rdacarrier
500 |aIssued also in French under title: Le plan scientifique du Laboratoire national de microbiologie, 2024-2027.
500 |a"Pub.: 240213."
504 |aIncludes bibliographical references.
61020|aNational Microbiology Laboratory (Canada)|xPlanning.
650 0|aMicrobiology|xResearch|zCanada.
7102 |aPublic Health Agency of Canada, |eissuing body.
77508|tLe plan scientifique du Laboratoire national de microbiologie, 2024-2027.|w(CaOODSP)9.938449
85640|qPDF|s703 KB|uhttps://publications.gc.ca/collections/collection_2025/aspc-phac/HP60-13-1-2024-eng.pdf